| 000 | 01154cam a2200301 4500 | ||
|---|---|---|---|
| 001 | 5807 | ||
| 005 | 20181127180307.0 | ||
| 008 | 111104r20122009meu jd 000 1 eng | ||
| 010 | _a 2011035925 | ||
| 020 | _a9780141324319 | ||
| 100 | 1 | _aBradford, Chris. | |
| 245 | 1 | 0 |
_aYoung samurai : _bthe way of the sword / _cChris Bradford. |
| 246 | 3 | 0 | _aWay of the sword |
| 260 |
_aNew York : _bPeguin Books, _cc2008, 2009.. |
||
| 300 |
_a379 p ; _c23 cm. |
||
| 490 | 1 | _aYoung samurai | |
| 500 | _a""Recommended for Middle Readers."" | ||
| 520 | _aIn 1611 Japan, English orphan Jack Fletcher continues his difficult training at Niten Ichi Ryu Samurai School, while also trying to get back the rutter, his father's navigational logbook, that an evil ninja wants to possess. | ||
| 650 | 0 | _aAdventure stories. | |
| 650 | 1 |
_aAdventure and adventurers _vFiction. |
|
| 650 | 1 |
_aBritish _zJapan _vFiction. |
|
| 650 | 1 |
_aMartial arts _vFiction. |
|
| 650 | 1 |
_aNinja _vFiction. |
|
| 650 | 1 |
_aOrphans _vFiction. |
|
| 650 | 1 |
_aSamurai _vFiction. |
|
| 651 | 1 |
_aJapan _xHistory _yTokugawa period, 1600-1868 _vFiction. |
|
| 800 | 1 |
_aBradford, Chris. _tYoung samurai ; _vbk. 2. |
|
| 999 |
_c4900 _d4900 |
||